000 00620nam a22002297a 4500
003 UA-OsUOA
001 89338
007 ta
008 20121105b un ||||| |||| 00| 0 ukr d
100 _aДольд - Михайлик Ю
090 _a821.161.2
_bД65
942 _cBK
040 _aUA-OsUOA
_bukr
_cUA-OsUOA
_dUA-OsUOA
245 _aІ один у полі воїн
300 _a493 с.
955 _a3
041 _aukr
080 _a821.161.2
260 _aК.
_bПолітвидав України
_c1988
650 7 _a82 Література. Літературознавство
_2UDC
999 _c375620
_d375620